UM Logo

Control over spatial representation format enhances information extraction but prevents long-term learning / (Record no. 17967)

MARC details
000 -LEADER
fixed length control field 00895nam a22002297a 4500
003 - CONTROL NUMBER IDENTIFIER
control field OSt
005 - DATE AND TIME OF LATEST TRANSACTION
control field 20230228142251.0
008 - FIXED-LENGTH DATA ELEMENTS--GENERAL INFORMATION
fixed length control field 230227b ||||| |||| 00| 0 eng d
040 ## - CATALOGING SOURCE
Transcribing agency 0
082 ## - DEWEY DECIMAL CLASSIFICATION NUMBER
Classification number DPer 370.15 J826 January - February 2020 v112 no. 1-2
100 ## - MAIN ENTRY--PERSONAL NAME
Personal name Moritz, Julia.
Relator term author.
9 (RLIN) 47903
245 ## - TITLE STATEMENT
Title Control over spatial representation format enhances information extraction but prevents long-term learning /
Statement of responsibility, etc. Julia Moritz, Hauke S. Meyerhoff, and Stephan Schwan
260 ## - PUBLICATION, DISTRIBUTION, ETC. (IMPRINT)
Place of publication, distribution, etc. Washington,
Name of publisher, distributor, etc. American Psychological Association,
Date of publication, distribution, etc. January 2020.
300 ## - PHYSICAL DESCRIPTION
Extent volume 112, pages 148-165, illustration.
650 ## - SUBJECT ADDED ENTRY--TOPICAL TERM
Topical term or geographic name as entry element Education.
9 (RLIN) 47904
650 ## - SUBJECT ADDED ENTRY--TOPICAL TERM
Topical term or geographic name as entry element Intellect.
9 (RLIN) 19632
650 ## - SUBJECT ADDED ENTRY--TOPICAL TERM
Topical term or geographic name as entry element Theory of knowledge.
9 (RLIN) 47905
700 ## - ADDED ENTRY--PERSONAL NAME
Personal name Moritz, Julia.
Relator term author.
9 (RLIN) 47903
700 ## - ADDED ENTRY--PERSONAL NAME
Personal name Meyerhoff, Hauke S.
Relator term author.
9 (RLIN) 47906
700 ## - ADDED ENTRY--PERSONAL NAME
Personal name Schwan, Stephan.
Relator term author.
9 (RLIN) 47907
942 ## - ADDED ENTRY ELEMENTS (KOHA)
Source of classification or shelving scheme Dewey Decimal Classification
Koha item type Periodicals
Holdings
Withdrawn status Lost status Source of classification or shelving scheme Damaged status Not for loan Collection code Home library Current library Date acquired Total Checkouts Full call number Date last seen Price effective from Koha item type Public note
    Dewey Decimal Classification     Periodicals UM Digos College - LIC UM Digos College - LIC 02/27/2023   DPer 370.15 J826 January - February 2020 v112 no. 1-2 02/27/2023 02/27/2023 Periodicals Periodical article